000 00374pab a2200145 454500
008 180718b1986 xxu||||| |||| 00| 0 eng d
100 _aBaruah, Sanjib
245 _aImmigration, ethnic conflict, and political turmoil - Assam, 1979-1985
260 _c1986
300 _a1184-1206
362 _aNov.
650 _aAssam - Politics
773 _aAsian Survey
909 _a4021
999 _c4021
_d4021